000 00790nam a22002297a 4500
999 _c64460
_d64460
005 20240530110733.0
008 180515s2008 ua a g 000 0 ara d
017 _a2008/1960
_bمصر. دار الكتب
020 _a9773563138
040 _aEG-CaGPL
_cEG-CaGPL
082 0 4 _221
_a153.42 /
_bأ ك
100 0 _aالفت عبدالكريم
245 1 0 _aكيف يصبح ابناؤنا مبدعين /
_cتاليف الفت عبدالكريم
260 _aالقاهرة :
_bهلا للنشر والتوزيع،
_c2008.
300 _a180 ص. :
_bايض ؛
_c19 سم.
650 0 7 _2qrmak
_aالابداع
650 0 7 _2qrmak
_aالابتكار
650 0 7 _2qrmak
_aالقدرة الخلاقة
651 _2qrmak
942 _2ddc
_cBK